Κατάλογος Βιβλιοθηκών Mediterranean College

The Political Economy of Communications / International and European Dimensions (Record no. 4162)

MARC details
000 -LEADER
fixed length control field 01475cam a22002174a 4500
005 - ΗΜΕΡΟΜΗΝΙΑ ΚΑΙ ΩΡΑ ΤΕΛΕΥΤΑΙΑΣ ΕΝΗΜΕΡΩΣΗΣ
Πεδίο ελέγχου 20250605164138.0
008 - FIXED-LENGTH DATA ELEMENTS--GENERAL INFORMATION
Πεδίο ελέγχου σταθερού μήκους 250528s ||||||||||||||||||||||||d
035 ## - SYSTEM CONTROL NUMBER
System control number 18853
020 ## - ISBN
ISBN 415037948
040 ## - ΠΗΓΗ ΚΑΤΑΛΟΓΟΓΡΑΦΗΣΗΣ
Φορέας πρωτότυπης καταλογογράφησης MC Athens Campus Library
Γλώσσα καταλογογράφησης Ελληνικά, Μοντέρνα (1453-)
Modifying agency MC Athens Campus Library
Κανόνες περιγραφικής καταλογογράφησης AACR2
245 1# - ΤΙΤΛΟΣ ΚΑΙ ΔΗΛΩΣΗ ΥΠΕΥΘΥΝΟΤΗΤΑΣ
Τίτλος The Political Economy of Communications / International and European Dimensions
250 ## - EDITION STATEMENT
Edition statement 1st
260 ## - PUBLICATION, DISTRIBUTION, ETC.
Name of publisher, distributor, etc. Rouledge,
Date of publication, distribution, etc. 1990
300 ## - PHYSICAL DESCRIPTION
Extent 260
520 ## - SUMMARY, ETC.
Summary, etc. This book examines the interaction of industry, ideology and markets, exploring in particular how the world's media have responded both to deregulation and to the emergence of supra-national institutions such as the European Community. Preface, Introduction: Politics and Markets and Communication Policies, The Role of the International Telecommunication Union: Conflict and Resolution and the Industrialized Countries, Intelsat and the Debate about Satellite Competition, International Regime or Corporate Actor? The European Community in Telecommunications Policy, Broadcasting and the European Community: The Commission's Audiovisual Policy, Luxembourg: Changing Anatomy of an International Broadcasting Power, British Television in an Age of Change, New Media in West Germany: The Politics of Legitimation, The Political Economy of Telecommunications in France: A Case Study of ''Telematics'', Conclusion, Index.
700 1# - ΠΡΟΣΘΕΤΗ ΑΝΑΓΡΑΦΗ--ΦΥΣΙΚΟ ΠΡΟΣΩΠΟ
Personal name Dyson Kenneth
9 (RLIN) 3504
700 1# - ΠΡΟΣΘΕΤΗ ΑΝΑΓΡΑΦΗ--ΦΥΣΙΚΟ ΠΡΟΣΩΠΟ
Personal name Humphreys Peter
9 (RLIN) 5124
942 ## - ADDED ENTRY ELEMENTS (KOHA)
Koha item type Books
Holdings
Τύπος τεκμηρίου Βιβλιοθήκη Τρέχουσα τοποθεσία Barcode Αριθμός εισαγωγής Ημερομηνία απόκτησης Ταξιθετικό σύμβολο Αριθμός αντιτύπου Κατάσταση απόσυρσης Κατάσταση χαμένου Κατάσταση κατεστραμμένου Μη δανεισμός Σύνολο δανεισμών Ημερομηνία τελευταίας εμφάνισης Η τιμή ισχύει από
Books MC Athens Campus Library MC Athens Campus Library 9780000041616 3766 05/06/2025 384/.094 DYS 1           05/06/2025 05/06/2025

MC Athens Campus Library
Πατησίων 94 & Κοδριγκτώνος 13, 104 34
Πελλήνης 8 & Πατησίων 107, 112 51
Τ: +30 210 8899600

MC Thessaloniki Campus Library
Ίωνος Δραγούμη 21, 54625 | Ίωνος Δραγούμη 15, 54625
Τ: +30 2310 287779 – Τ: +30 2314 440300